000 00580nam a2200181 a 4500
005 20140412111307.0
008 010426s19uu xx 00 eng d
020 _a0-525-44459-9
050 _aTR(PS E
_bAl5 1991
100 _aWellington, Monica
245 _aAll my little ducklings /
_cMonica Wellington.
250 _a1st ed.
260 _aNew York :
_bE. P. Dutton,
_c1989.
300 _a1v. (unp.) ; ill.
520 _aBrief text and illustrations follow the activities of a group of duckling in the water and on the shore.
650 _aDucks-Fiction
999 _c103771
_d103771